000 00322nam a2200133Ia 4500
008 240624s9999 xx 000 0 und d
041 _aeng
082 _a920 KRI
100 _aKRIPLANI J B
245 _aMY TIMES AN AUTOBIOGRAPHY
260 _c2004
_aNew Delhi
_bRupa and Company
300 _a1010 : p.
365 _cRS
_b25
999 _c17825
_d17825